MDQL
is popping MORE tags! Check the
thread
!
Quizzes
Events
Quiz Creation
Community
Videos
Private Events
Remove Ads
Sign In
Join for FREE
Feedback
Dark Mode
Quiz Categories
Sports
Geography
Music
Movies
Television
Just For Fun
Miscellaneous
History
Literature
Language
Science
Gaming
Entertainment
Religion
Holiday
For Kids
Quiz Lab
Recent
Popular Today
Quiz Kudos Today
Editor Picks
Curator Picks
Quizzes by...
Day
Popularity
Type
Ratings
Length
Year
Community
Subscriptions
Recent Discussions
Orange Saloon
Badges
Playlists
Quests
Create
Leaderboards
Showdown
Live 5
Trivia Bingo
Activity
Puzzle Library
Sporcle Events
Private Events
Virtual Trivia
Globe League
Become a Host
Pub Owners
SporcleCon
Opinionation
Our Games
Videos
Blog
Mobile Apps
Partnerships
Remove Ads and Go Orange
Feedback
Music
Pop Music
The Beatles
Song
Album
Lyrics
Bands
Singers
Artist
Clip
Rock
Rap
Classical
Billboard
Country Music
Kpop
Taylor Swift
Music
Pop Music
The Beatles
Song
Album
Lyrics
Bands
Singers
Artist
Clip
Rock
Rap
Classical
Billboard
Country Music
Kpop
Taylor Swift
Random Quiz
Search Sporcle
×
Quiz Lab
Quiz Lab
Music
Kpop
Type answers based on single images at one time
Type answers based on single images at one time
Slideshow
Best Score? Go Orange.
KPOP Idols Predebut (Male) Stats
Can you name the Male KPOP idols from their predebut pictures?
By
hot_yellow
13m
49 Questions
2,389 Plays
2,389 Plays
2,389 Plays
Comments
Comments
Give Quiz Kudos
Give Quiz Kudos
-
- Ratings
hide this ad
Replay
Link that replays current quiz
Next Quiz
Link to next quiz in quiz playlist
You Got
0%
They Got
Avg Score
38%
Avg Friend Score
Upgrade to see
Score Distribution
Jump to the score distribution portion of the page
Score
0/49
Timer
13:00
0
Plays Today
% Correct
Taemin
84.1%
Kai
82.7%
Suga
77.3%
Leo
72.3%
V
65.3%
Hoshi
65.1%
Seungri
64.8%
Lay
64.1%
Yoseob
64%
Niel
62%
Sehun
60.3%
Jooheon
58.5%
Ken
58.5%
B.I
57.5%
Mino
56.8%
JB
55%
L
54.2%
Leeteuk
50.9%
Chansung
48.9%
Woozi
47.8%
Wonho
46.7%
JR
45.6%
Daehyun
42%
Kangin
40.3%
Changsub
37.7%
% Correct
Wooyoung
37.3%
Kyung
35.5%
Zhoumi
33.5%
Hyunseung
33.1%
Gongchan
30.3%
CNU
30.2%
Jongup
30.1%
Jeonghan
27.9%
Gyujin
25.1%
Chunji
24.2%
Jae
23.3%
Jinhoo
22%
Jaehyo
19.6%
Heejun
12.4%
Chanwoo
11.4%
Suwoong
6.3%
Kyungil
6.1%
Hyunsik
6.1%
Dokyun
4.2%
Onejunn
2.9%
Heo Jun
2.4%
Sihyoung
2.2%
Yuseong
2%
Hightop
0.9%
Quiz Playlist
Details
Report
Send in Message
Add To Playlist
Slideshow:
Type answers based on single images at one time
Last Updated: Feb 16, 2017
Quiz Scoreboard
CHALLENGE
Sign Up to Join the Scoreboard
Show All
Scores
Hide
Comments
May contain spoilers
Recently Published
5x2 Blitz: Bands
by SL_Kpop136
Music
30s
Colored Red Africa Blitz
by spor1
Geography
30s
Find the 'City' Movie
by crazypaving
Movies
60s
More to Explore
Quiz From the Vault
Featured Blog Post
14 Easter Pick-up Lines to Find Eggs With
hide this ad
You Might Also Like...
Tags
Kpop Quiz
Kpop Quiz
Today's Top Quizzes in Music
Browse Music
hide this ad
Today's Top Quizzes in Kpop
Browse Kpop
Top Contributed Quizzes in Music
1
5X2 Blitz: Bands II
2
Taylor Swift Logic Puzzle II
3
Taylor Swift All Songs (2024)
4
5X2 Blitz: The Beatles
5
5X2 Blitz: Billboard
6
5X2 Blitz: Singers
7
5X2 Blitz: Album
8
5X2 Blitz: Rock
9
Music Artist by Three 2010s hits
10
5X2 Blitz: Billboard II
Explore More
Trending Topics
Disney
NBA
Crossword
Harry Potter
Kpop
Anime
Marvel
Puzzle
NFL
Song
WWE
Pokémon
The Office
Soccer
Country
hide this ad
More By:
hot_yellow
Quiz
Plays
Rating
Category
Featured
Created
BTS Members: Older or Younger
32,349
3.50
Music
Aug 21, 2016
Stray Kids Members: Older or Younger?
14,302
3.50
Music
Mar 24, 2018
NCT Members: Older or Younger?
8,145
4.38
Music
Mar 3, 2018
[ULTIMATE] Name the KPOP M/V
5,900
4.18
Music
Mar 17, 2016
Seventeen: Which Unit?
3,889
4.67
Music
May 5, 2016
Go to Creator's Profile
Score Distribution
Quiz Creator Spotlight
hot_yellow
Follow
Send a Message
Quizzes Created
-
Created Quiz Play Count
-
More By This Creator
Popular Quizzes Today
1
Find the 'City' Movie
2
Colored Red Africa Blitz
3
Find the US States - No Outlines Minefield
4
5x2 Blitz: Bands
5
The Countries of the World
6
Find the US States
7
US States
8
9x9 Crossword: Cartoon Network
More Music Quizzes
Find the Band Member VI
Published
Trending Quizzes
Colored Red Europe Blitz I
Colored Red Africa Blitz II
Colored Red Europe Blitz II
Colored Red Africa Blitz III
Colored Red Europe Blitz III
Recently Updated
Famous TV Couples
Peacemaker
Champions League XIs: Real Madrid
pecheneg
Largest US Cities 1790-2010
pecheneg
Rides in Walt Disney World
pecheneg
Most Oscar Losses (Acting)
pecheneg
Beyoncé Albums
pecheneg
Leaping Animals
pecheneg
Reality TV Shows (A-Z)
bhenderson79
Rickey Henderson's Hall of Fame Teammates
pecheneg
Champions League XIs: Arsenal
pecheneg
Trending Topics
Crossword
Anime
Harry Potter
Kpop
Disney
Marvel
NBA
Soccer
WWE
Song
Country
NFL
Pokémon
Puzzle
The Office
Your Account Isn't Verified!
In order to create a playlist on Sporcle, you need to verify the email address you used during registration. Go to your
Sporcle Settings
to finish the process.
Report this User
Report this user for behavior that violates our
Community Guidelines
.
Details:
Send Report
Go to the Sporcle.com Mobile Site →
Comments